000 00664nam a2200253Ia 4500
003 OSt
005 20221007101526.0
006 a|||||r|||| 00| 0
007 ta
008 221006b |||||||| |||| 00| 0 eng d
024 _a6,610
037 _cTextual
040 _aLCO
_cLCO
_beng
041 _2eng
_aeng
082 _aZ2,75,15, L5.1
100 _aBASU D D
245 0 _aNew Code of Criminal Procedure,1973
260 _aCalcutta
_bLaw Emporium
_c1975
300 _a274
490 _v1
650 _aCRIMINAL PROCEDURE
_9681582
942 _hZ2,75,15, L5.1
_cTEXL
999 _c1176173
_d1176173